000
00260nam a22001097a 4500
082
_a
530 HAN
100
_a
HANSON C.G
_9
78597
245
_a
PROBLEMS AND EXAMPLES IN PHYSICS FOR ONC/OND
260
_a
NEW YORK
_b
MCGRAW HILL
_c
1970
300
_a
200P
942
_c
BK
999
_c
583705
_d
583705